Logo BPK

Bibliografia Prac Pracowników

Politechniki Koszalińskiej

Podstawy modelowania geometrycznego 3D w zintegrowanym systemie komputerowym I-DEAS / (Rekord nr 8995)

Szczegóły MARC
000 -ETYKIETA REKORDU
podpole kontrolne o stałej długości 00746nam a2200205 i 4500
001 - NUMER KONTROLNY REKORDU
podpole kontrolne 8995
003 - IDENTYFIKATOR NUMERU KONTROLNEGO REKORDU
podpole kontrolne KOSZ 005
005 - DATA OSTATNIEJ MODYFIKACJI REKORDU
podpole kontrolne 20180314133813.0
008 - POLE O STAŁEJ DŁUGOŚCI - DANE KONTROLNE
podpole kontrolne o stałej długości 050725s2004 pl a f f |001 0 pol c
015 ## - NUMER BIBLIOGRAFII NARODOWEJ
Numer bibliografii narodowej PB 2013/28422
020 ## - MIĘDZYNARODOWY ZNORMALIZOWANY NUMER KSIĄŻKI - ISBN
ISBN 8373650644
040 ## - ŹRÓDŁO KATALOGOWANIA
Instytucja, która sporządziła opis WA N
Instytucja, która utworzyła rekord WA N
Instytucja, która dokonała modyfikacji KOSZ 005/HR
080 ## - UNIWERSALNA KLASYFIKACJA DZIESIĘTNA - UKD
UKD 004.92
080 ## - UNIWERSALNA KLASYFIKACJA DZIESIĘTNA - UKD
UKD 004.42
100 10 - NAZWA OSOBOWA
Nazwa osobowa MUSIAŁ, Wojciech.
Wydział Katedra Inżynierii Produkcji
Instytucja Politechnika Koszalińska - Wydział Mechaniczny,
Lata pracy 1997 - .
245 10 - TYTUŁ/ODPOWIEDZIALNOŚĆ
Tytuł Podstawy modelowania geometrycznego 3D w zintegrowanym systemie komputerowym I-DEAS /
Pozostałe elementy strefy tytułu i oznaczenia odpowiedzialności Wojciech Musiał ; Politechnika Koszalińska.
260 ## - STREFA ADRESU WYDAWNICZEGO
Miejsce wydania Koszalin :
Nazwa wydawcy/dystrybutora Wydaw. Uczelniane Politechniki Koszalińskiej,
Data publikacji, dystrybucji/powstania dokumentu 2004.
504 ## - UWAGA DOTYCZACA BIBLIOGRAFII
Informacje o bibliografii Bibliogr. s. 308. Indeks.
942 ## - HASŁO DODATKOWE - ELEMENTY(KOHA)
Schemat klasyfikacji Uniwersalna klasyfikacja dziesiętna
Typ dokumentu Książka

Brak dostępnych egzemplarzy.

© 2014 Biblioteka Politechniki Koszalińskiej :: BIBLIOGRAFIA PRAC PRACOWNIKÓW